000 00380pab a2200157 454500
008 180718b2017 xxu||||| |||| 00| 0 eng d
100 _aPatnaik, Prabhat
245 _aCaste, community and belonging: the Indian case
260 _c2017
300 _ap.73-79.
362 _aJan-Feb
650 _aCommunity
650 _aCaste
773 _aSocial Scientist
909 _a114310
999 _c114304
_d114304